Central Library OPAC University of Rajshahi

Stdudies on White Leaf Disease of Sugarcane in Bangladesh / (Record no. 83718)

MARC details
000 -LEADER
fixed length control field 00866nam a2200241 a 4500
001 - CONTROL NUMBER
RUCL Control Number 83718
003 - CONTROL NUMBER IDENTIFIER
rucl marc code BD-RjUL
005 - DATE AND TIME OF LATEST TRANSACTION
control field 20240512110141.0
008 - FIXED-LENGTH DATA ELEMENTS--GENERAL INFORMATION
fixed length control field 240512s1994 bg a|||| m||| 00| 0 eng d
035 ## - SYSTEM CONTROL NUMBER
system control number (BD-RjUL)83718
040 ## - CATALOGING SOURCE
Original cataloging agency BD-RjUL
Language of cataloging eng
Transcribing agency BD-RjUL
Modifying agency BD-RjUL
041 ## - LANGUAGE CODE
Language code of Book eng
082 ## - DEWEY DECIMAL CLASSIFICATION NUMBER
DDC Edition number 23
Classification number 584.92
Author mark and Year TAS 1994
100 ## - MAIN ENTRY--PERSONAL NAME
Personal name Talukder, Md. Ibrahim
9 (RLIN) 12963
245 10 - TITLE STATEMENT
Title Stdudies on White Leaf Disease of Sugarcane in Bangladesh /
Statement of responsibility, etc By Md. Ibrahim Talukder ;
Name of Supervisor/Co-Supervisor Supervisor : M. S. Alam
260 ## - PUBLICATION, DISTRIBUTION, ETC. (IMPRINT)
Place of publication, distribution, etc Rajshahi :
Name of publisher, distributor, etc Department of Botany, Univerity of Rajshahi,
Date of publication, distribution, etc 1994
300 ## - PHYSICAL DESCRIPTION
Pagination xiii, 196 Leaves :
Other physical details ill, ;
Dimensions 29 cm.
502 ## - DISSERTATION NOTE
Dissertation note Thesis (Ph. D.) -- Department of Botany, Univerity of Rajshahi,1994
504 ## - BIBLIOGRAPHY, ETC. NOTE
Bibliography, etc Literature Cited : Leaves 176-195
650 ## - SUBJECT ADDED ENTRY--TOPICAL TERM
Topical term or geographic name as entry element Panicoldeae
Form subdivision Sugarcane
9 (RLIN) 12957
700 ## - ADDED ENTRY--SUPERVISOR/CO-SUPERVISOR NAME
Personal name Alam, M. S., Supervisor
9 (RLIN) 4948
942 ## - ADDED ENTRY ELEMENTS (KOHA)
Source of classification or shelving scheme Dewey Decimal Classification
Koha item type Theses
Holdings
Source of classification or shelving scheme Damaged status Not for loan Collection code Permanent Location Current Location Shelving location Date of accession Source of acquisition Total Checkouts Full call number Barcode Date last seen Copy number Thesis
Dewey Decimal Classification   Not For Loan Theses Central Library, University of Rajshahi Central Library, University of Rajshahi Documentation Section 12/06/1995 Controller of Exam. R. U.   THE 584.92 TAS 1994 D1775 12/05/2024 C-I Theses